Największe miasto w każdym stanie Australii na mapie - Statystyki

Ogólne statystyki
  • Ten quiz został rozwiązany 13 razy
  • Średni wynik to 7 z 8
Odpowiedzi na mapie
Odpowiedzi zakodowano w zielono-czerwonej skali na mapie do tego quizu, zgodnie z poniższymi procentami.
 
Statystyki odpowiedzi
Stan/Terytorium Miasto % Poprawnych
Region Stołeczny Canberra
100%
Australia Zachodnia Perth
100%
Nowa Południowa Walia Sydney
100%
Australia Południowa Adelaide
92%
Queensland Brisbane
92%
Victoria Melbourne
92%
Terytorium Północne Darwin
77%
Tasmania Hobart
69%
Nie znaleziono quizów pasujących do podanych kryteriów
Rozkład punktacji
Procent ludzi z każdym wynikiem
Percentyl według liczby udzielonych odpowiedzi
Twoja historia wyników
Nie rozwiązałeś tego quizu